Barris de Barcelona - Statistics

General Stats
  • This quiz has been taken 121 times
  • The average score is 39 of 73
Answer Stats
Answer % Correct
Sant Gervasi - Bonanova
89%
Sants
85%
Horta
83%
Sant Gervasi - Galvany
83%
El Clot
81%
El Gòtic
81%
La Barceloneta
81%
Sarrià
81%
El Raval
80%
Sant Andreu
80%
El Guinardó
79%
El Poblenou
78%
Les Corts
77%
La Sagrada Família
69%
La Sagrera
68%
Sant Martí de Provençals
68%
El Carmel
65%
El Poble Sec
65%
La Dreta de l'Eixample
64%
El Coll
62%
La Verneda i la Pau
62%
Pedralbes
62%
Torre Baró
62%
La Trinitat Vella
60%
Sant Antoni
60%
La Trinitat Nova
59%
Vallcarca i els Penitents
59%
Vilapicina i la Torre Llobeta
59%
Les Roquetes
58%
La Vall d'Hebron
57%
Vallvidrera, el Tibidabo i les Planes
57%
Ciutat Meridiana
54%
El Besós i el Maresme
53%
Sant Pere, Santa Caterina i la Ribera
53%
Canyelles
52%
El Bon Pastor
52%
Hostafrancs
52%
El Parc i la Llacuna del Poblenou
49%
El Putxet i el Farró
49%
Les Tres Torres
49%
Navas
49%
Vila de Gràcia
49%
La Vila Olímpica del Poblenou
48%
La Nova Esquerra de l'Eixample
47%
Montbau
47%
Sants - Badal
47%
L'Antiga Esquerra de l'Eixample
46%
La Teixonera
46%
El Camp de l'Arpa del Clot
42%
El Camp d'en Grassot i Gràcia Nova
42%
La Salut
42%
El Fort Pienc
41%
Baró de Viver
40%
El Baix Guinardó
40%
El Congrés i els Indians
40%
La Clota
37%
Diagonal Mar i el Front Marítim del Poblenou
35%
La Guineueta
35%
La Maternitat i Sant Ramon
35%
Porta
35%
Vallbona
35%
Sant Genís dels Agudells
33%
La Bordeta
32%
La Marina del Prat Vermell
32%
La Prosperitat
32%
La Font d'en Fargues
31%
La Marina de Port
31%
Provençals del Poblenou
30%
Verdun
30%
Can Baró
27%
El Turó de la Peira
25%
La Font de la Guatlla
22%
Can Peguera
20%
No matching quizzes found
Score Distribution
Percent of People with Each Score
Percentile by Number Answered
Your Score History
You have not taken this quiz